00321nam a2200133Ia 4500008004100000041000800041082001200049100002100061245002600082250001400108260002800122300003000150365000700180240624s9999 xx 000 0 und d aeng a336 HER aHERBER BERNARD P aMODERN PUBLIC FINANCE a(5th ed.) c2004aDelhibA.I.T.B.S. axv, : 468 : p. : cm. ; 22 cRS